The impacts of climate on fisheries (Record no. 362)

MARC details
000 -LEADER
fixed length control field 00840nam a22002657a 4500
001 - CONTROL NUMBER
control field FRBNF357620620000005
003 - CONTROL NUMBER IDENTIFIER
control field OSt
005 - DATE AND TIME OF LATEST TRANSACTION
control field 20230608063018.0
008 - FIXED-LENGTH DATA ELEMENTS--GENERAL INFORMATION
fixed length control field 230607b |||||||| |||| 00| 0 eng d
039 ## - LEVEL OF BIBLIOGRAPHIC CONTROL AND CODING DETAIL [OBSOLETE]
Level of rules in bibliographic description 01995725X
040 ## - CATALOGING SOURCE
Transcribing agency KMU
Modifying agency KMU
Original cataloging agency KMU
Description conventions rda
050 ## - LIBRARY OF CONGRESS CALL NUMBER
Classification number SH 312.K Uni
110 ## - MAIN ENTRY--CORPORATE NAME
Corporate name or jurisdiction name as entry element United Nations Environment Program
Location of meeting Nairobi, Kenya.
Date of meeting or treaty signing 1994
210 ## - ABBREVIATED TITLE
Abbreviated title Nairobi
245 ## - TITLE STATEMENT
Title The impacts of climate on fisheries
Statement of responsibility, etc. /United Nations Environment Programme
260 ## - PUBLICATION, DISTRIBUTION, ETC.
Place of publication, distribution, etc. England:
Name of publisher, distributor, etc. Oxford,
Date of publication, distribution, etc. 1994.
300 ## - PHYSICAL DESCRIPTION
Extent V, 36 pages.:
Other physical details ill.;
Dimensions 17cm
410 #0 - SERIES STATEMENT/ADDED ENTRY--CORPORATE NAME [OBSOLETE, CAN/MARC], [LOCAL, USA]
Volume number/sequential designation 13
600 ## - SUBJECT ADDED ENTRY--PERSONAL NAME
Personal name Glantz, Michael H.
650 ## - SUBJECT ADDED ENTRY--TOPICAL TERM
Topical term or geographic name entry element Fisheries- Climate Factors
700 ## - ADDED ENTRY--PERSONAL NAME
Personal name Glantz, Michael H.
710 ## - ADDED ENTRY--CORPORATE NAME
Materials specified 11866053
Arranged statement for music ISNI0000000121891824
Corporate name or jurisdiction name as entry element Programme des Nations Unies pour l'environnement
Relationship 070
930 ## - EQUIVALENCE OR CROSS-REFERENCE-UNIFORM TITLE HEADING [LOCAL, CANADA]
Uniform title 4-GW-6931 (13)
Date of treaty signing O
942 ## - ADDED ENTRY ELEMENTS (KOHA)
Source of classification or shelving scheme Library of Congress Classification
Koha item type Non-Fiction
Suppress in OPAC No
Holdings
Withdrawn status Lost status Source of classification or shelving scheme Damaged status Not for loan Collection Home library Current library Shelving location Date acquired Source of acquisition Total Checkouts Full call number Barcode Date last seen Date last checked out Price effective from Koha item type
    Library of Congress Classification     Non-fiction Kapasa Makasa University Kapasa Makasa University Open Access 07.06.2023 Book Aid International 1 SH 312.K4 Uni 734680 17.06.2024 04.06.2024 07.06.2023 Non-Fiction